Statistics for Random Geography by Initial Letter and Type

Click here to take the quiz!

General Stats

  • This quiz has been taken 322 times
  • The average score is 16 of 20

Answer Stats

TypeInitialAnswer% Correct
CountryNNepal, New Zealand, ...
98%
CountryUUruguay, Uganda, ...
98%
CountryIIndonesia, Israel, ...
97%
CountryPPakistan, Portugal, ...
96%
CountryEEl Salvador, Egypt, ....
95%
CountryGGermany, Georgia, ...
95%
CountryMMalawi, Monaco, ...
95%
CountryAAfghanistan, Albania, ...
94%
ContinentEEurope
94%
CountryHHaiti, Hungary, ...
94%
CountryJJamaica, Japan, ...
94%
US StateNNebraska, Nevada, ...
94%
ContinentSSouth America
94%
US StateWWashington, Wyoming, ...
94%
ContinentAAfrica, Antarctica, ...
93%
US StateAAlabama, Alaska, ...
93%
CountryBBahamas, Bahrain, ...
93%
CountryCCambodia, Cameroon, ...
93%
CountryLLatvia, Lebanon, ...
93%
OceanPPacific
92%
US StateCCalifornia, Colorado, ...
91%
US StateIIdaho, Illinois, ...
91%
US StateOOhio, Oklahoma, ...
91%
CountrySSerbia, Switzerland, ...
91%
CountryTTanzania, Turkey, ...
91%
US StateTTennessee, Texas
91%
CountryKKazakhstan, Kenya, ...
90%
CountryOOman
90%
CountryVVietnam, Vatican City, ...
90%
CountryYYemen
90%
CountryZZambia, Zimbabwe
90%
ContinentNNorth America
89%
CountryDDenmark, Djibouti, ...
88%
US StateGGeorgia
88%
CountryRRussia, Romania, ...
88%
OceanAAtlantic, Arctic
85%
CountryFFinland, France, ...
85%
US StateMMaine, Maryland, ...
85%
US StateFFlorida
83%
OceanIIndian
83%
World CitySSalvador, Seoul, ...
83%
US StateKKansas, Kentucky
82%
US StateLLouisiana
82%
US StateUUtah
81%
CountryQQatar
80%
ContinentOOceania
79%
US StatePPennsylvania
77%
US StateHHawaii
74%
US StateRRhode Island
74%
US StateDDelaware
71%
World CityLLagos, Lahore, ...
71%
World CityMMadrid, Manchester, ...
71%
World CityBBaghdad, Bamako, ...
70%
US StateVVermont, Virginia
70%
World CityRRecife, Riyadh, ...
69%
World CityDDakar, Dalian, ...
68%
World CityJJaipur, Jakarta, ...
68%
World CityNNagoya, Nagpur, ...
66%
World CityCCairo, Campinas, ...
65%
US StateSSouth Carolina, ...
65%
World CityWWenzhou, Wuhan, ...
64%
OceanSSouthern
63%
World CityAAbidjan, Accra, ...
60%
World CityTTaipei, Tampa, ...
58%
World CityPParis, Phoenix, ...
57%
World CityKKabul, Kampala, ...
55%
World CityXXiamen, Xi'an
49%
World CityFFrankfurt, Fuzhou, ...
48%
World CityIIbadan, Istanbul, ...
46%
World CityOOrlando, Osaka
44%
World CityGGuangzhou, Guayaquil, ...
39%
World CityHHanoi, Hong Kong, ...
38%
World CityYYangon, Yaounde
23%
World CityUUrumqi
9%
World CityQQingdao
7%
World CityZZhengzhou, Zibo
2%

Score Distribution

Percentile by Number Answered

Percent of People with Each Score

Your Score History

You have not taken this quiz